000 01073cam a2200301 a 4500
999 _c17352
_d17352
001 17544799
003 Nust
005 20170307095616.0
008 121128s2013 stka b 001 0 eng
010 _a 2012047644
020 _a9780702051791 (pbk.)
035 _a(DNLM)101596731
040 _aDNLM/DLC
_cASAB
_dDLC
042 _apcc
050 0 0 _aRB112.5
_b.C554 2013
060 1 0 _aQU 4
082 0 0 _a616.07
_223
245 0 0 _aClinical biochemistry :
_ban illustrated colour text /
_cAllan Gaw ... [et al.].
250 _a5th ed.
260 _aEdinburgh :
_bChurchill Livingstone/Elsevier,
_c2013.
300 _avii, 187 p. :
_bill. (some col.) ;
_c30 cm.
504 _aIncludes bibliographical references and index.
650 1 2 _aBiochemistry.
700 1 _aGaw, Allan.
906 _a7
_bcbc
_corignew
_d1
_eecip
_f20
_gy-gencatlg
942 _2ddc
_cBK